| 000 | 00654nam a2200217Ia 4500 | ||
|---|---|---|---|
| 005 | 20241129105759.0 | ||
| 008 | 241129s9999||||xx |||||||||||||| ||und|| | ||
| 020 | _a978-93-5388-376-8 | ||
| 037 | _aTB | ||
| 040 |
_aARTS _beng _cARTS |
||
| 041 |
_aeng _2eng |
||
| 084 |
_aJ3:(W) R0 _qARTS |
||
| 100 |
_aMukhopadhyay Kanchan Ed. _9724710 |
||
| 245 | 0 |
_aFood and power: expressions of food politics in South Asia _cMukhopadhyay Kanchan Ed. |
|
| 260 |
_aLos Angeles, USA _bSage _c2020 |
||
| 300 | _axviii,424p. | ||
| 365 |
_aINR _b1595 |
||
| 650 |
_aAgriculturePolitical Science _9726377 |
||
| 942 |
_cTB _hJ3:(W) R0 |
||
| 999 |
_c1225905 _d1225905 |
||